00357 a2200157 450000100060000000300050000600500170001100800410002808200120006910000190008124500240010025000080012426000310013230000180016350000180018193284NUST20180120130202.0180120b xxu||||| |||| 00| 0 eng d a297 ALI aAli Syed Ameer aThe spirit of Islam a1st aLondonbChristophersc1972 alxxii, 515 p. aGeneral Books